| 000 | 01527cam a2200421Ii 4500 | ||
|---|---|---|---|
| 999 |
_c9819 _d9819 |
||
| 001 | 964699841 | ||
| 003 | OCoLC | ||
| 005 | 20241126110719.0 | ||
| 008 | 161202s2016 stkabc b 001 0 eng d | ||
| 020 | _a9781781917787 | ||
| 020 | _a1781917787 | ||
| 020 | _a9781781917794 | ||
| 020 | _a1781917795 | ||
| 020 | _a9781781917800 | ||
| 020 | _a1781917809 | ||
| 020 | _a9781781917817 | ||
| 020 | _a1781917817 | ||
| 035 |
_a(OCoLC)964699841 _z(OCoLC)957506732 _z(OCoLC)983638755 _z(OCoLC)983972988 |
||
| 040 |
_aKTS _beng _erda _cKTS _dBTCTA _dBDX _dOCLCQ _dYDX |
||
| 082 |
_a270 _bNEE |
||
| 092 |
_a270 _bN375T |
||
| 100 | 1 |
_aNeedham, Nicholas R _916615 |
|
| 245 | 1 | 0 |
_a2000 years of Christ's power / _cNick Needham |
| 246 | 3 | _a2,000 years of Christ's power | |
| 246 | 3 | _aTwo thousand years of Christ's power | |
| 250 | _aNewly revised edition | ||
| 264 | 1 |
_aFearn, Ross-shire, Scotland, U.K. : _bChristian Focus Publications Ltd ; _aLondon, England, U.K. : _bGrace Publications Trust, _c2016 |
|
| 300 |
_a4 volumes : _billustrations, maps, portraits ; _c22 cm |
||
| 500 | _a"First published in 1998. Revised editions published in 2002 and 2011. Newly revised edition published in 2016 ..."--Title page verso | ||
| 504 | _aIncludes bibliographical references and indexes | ||
| 650 | 0 |
_aChurch history _9117 |
|
| 650 | 0 |
_aChristianity _9479 |
|
| 740 | 0 | 2 | _aAge of the early church fathers |
| 740 | 0 | 2 | _aMiddle ages |
| 740 | 0 | 2 | _aRenaissance and reformation |
| 740 | 0 | 2 | _aAge of religious conflict |
| 942 |
_2ddc _cBK |
||